000 00694nam a22002057a 4500
999 _c12152
_d12152
003 AR-CdUCM
008 190408b ||||| |||| 00| 0 spa d
040 _aMUNICIPALIDAD PROVINCIAL DEL CUSCO
_cBIBLIOTECA MUNICIPAL DEL CUSCO
082 _aC / 335.41 /
_bR36
100 _aReinaga, Cesar Augusto
_91406
245 _aLa interpretación económica de la historia /
260 _aCuzco :
_bH. G. Rozas,
_c1954.
300 _a50 páginas ;
_c25 cm.
505 _aPrincipios fundamentales -- Algunas comprobaciones -- Balance doctrinario...
650 _aEconomía.
_9382
650 _aHistoria.
_9136
650 _aEconomía peruana.
_98416
942 _2ddc
_cLIBROS
945 _awfj
_d2019-04-08